Catalog

Record Details

Catalog Search



The Persian Gulf War  Cover Image Book Book

The Persian Gulf War / by Andrew Santella.

Santella, Andrew. (Author).

Record details

  • ISBN: 0756506123
  • Physical Description: 48 pages : illustrations (some color), maps ; 23 cm.
  • Publisher: Minneapolis, MN : Compass Point Books, 2004.

Content descriptions

Bibliography, etc. Note:
Includes bibliographical references and index.
Formatted Contents Note:
The fall of Kuwait -- Saddam Hussein's wars -- The world responds -- Desert Storm -- The ground war -- After the war.
Subject: Persian Gulf War, 1991 > Juvenile literature.
Persian Gulf War, 1991.

LDR 01154nam a2200301 a 4500
001127838
003CONS
00520140703073304.0
008030625s2004 mnuab c b 001 0 eng
010 . ‡a 2003014439
020 . ‡a0756506123
035 . ‡a(CPomAG)LMN496480
042 . ‡apcc ‡alcac
043 . ‡aap----- ‡an-us---
05000. ‡aDS79.723 ‡b.S26 2004
08200. ‡a956.7044/2 ‡222
1001 . ‡aSantella, Andrew.
24514. ‡aThe Persian Gulf War / ‡cby Andrew Santella.
260 . ‡aMinneapolis, MN : ‡bCompass Point Books, ‡c2004.
300 . ‡a48 pages : ‡billustrations (some color), maps ; ‡c23 cm.
440 0. ‡aWe the people (Series) (Compass Point Books)
504 . ‡aIncludes bibliographical references and index.
5050 . ‡aThe fall of Kuwait -- Saddam Hussein's wars -- The world responds -- Desert Storm -- The ground war -- After the war.
650 0. ‡aPersian Gulf War, 1991 ‡vJuvenile literature.
650 1. ‡aPersian Gulf War, 1991.
914 . ‡dLMN_cm
959 . ‡i32269000729635 ‡lJ956.7044 San ‡aJuvenile - NonFiction ‡tJuv Nonfiction ‡g15.00
852 . ‡p32269000729635 ‡jJ956.7044 San ‡gJuvenile - NonFiction ‡cJuv Nonfiction ‡y15.00 ‡bSBPL
901 . ‡a127838 ‡bUnknown ‡c127838 ‡tbiblio

Additional Resources